Statistiques concernant Les duos des enfoirés

Cliquez ici pour prendre le quiz!

Statistiques générales

  • Ce quiz a été pris 24 fois
  • Le résultat moyen est 48 sur 78

Statistiques - réponses

1er(e) chanteur(se)2e chanteur(se)IndiceTitre% Correct
Jean-Jacques GoldmanJohnny HallydayJ{Je} t'attends
100%
Céline DionJean-Jacques GoldmanBLà-{bas}
100%
Céline DionMauraneAQuand on n'a que l'{amour}
100%
Johnny HallydayLara FabianFRequiem pour un {fou}
100%
Carla BruniLaurent VoulzyFTous les garçons et les {filles} de mon âge
100%
Alain SouchonCatherine DeneuveMAllô {Maman} bobo
95%
Florent PagnyVéronique SansonMBelle île en {mer}
95%
Patrick BruelVanessa ParadisADix {ans} ça suffit !
95%
Charles AznavourPatrick BruelEHier {encore}
95%
Caroline CellierPierre PalmadeAIl venait d'avoir 18 {ans}
95%
Carole FredericksBasile BoliMJe l'aime à {mourir}
95%
Jean-Jacques GoldmanMichel FugainTJe n'aurai pas le {temps}
95%
Eddy MitchellJohnny HallydayTLe bon vieux {temps} du rock'n roll
95%
Maxime Le ForestierVanessa ParadisM{Mistral} Gagnant
95%
Muriel RobinPierre PalmadePParoles, {paroles}
95%
France GallFrancis CabrelE{Ella}, elle l'a
91%
Jane BirkinMC SolaarMEt {moi}, et moi, et moi
91%
Alain SouchonLaetitia CastaGLa maison où j'ai {grandi}
91%
Jean-Jacques GoldmanVanessa ParadisULes {uns} contre les autres
91%
Patrick BruelFanny ArdantHMes mains sur tes {hanches}
91%
Carole FredericksFlorent PagnyHOh ! {Happy} day
91%
Yannick NoahMimie MathyFPour un {flirt}
91%
Josiane BalaskoPierre PalmadeAQuand on {arrive} en ville
91%
Tonton DavidValérie LemercierRQuand on n'a plus {rien} à perdre
91%
Patrick BruelRenaudHUn {homme} heureux
91%
Véronique SansonMichèle LaroqueDChanson sur ma {drôle} de vie
86%
Charles AznavourMurielle RobinBLa {Bohême}
86%
Johnny HallydayPatricia KaasHL'{hymne} à l'amour
86%
Etienne DahoVanessa ParadisTDis-lui {toi} que je t'aime
82%
Pascal ObispoPatricia KaasAL'{Aigle} noir
82%
Francis CabrelRenaudPLa {pêche} à la ligne
82%
ElsaPatricia KaasBLes {brunes} comptent pas pour des prunes
82%
Pascal ObispoPatrick BruelBLa {bombe} humaine
77%
Marc LavoineStephan EicherO{Osez} Joséphine
77%
Eddy MitchellRenaudMSur la route de {Memphis}
77%
Florent PagnySmaïnNBanlieue {nord}
73%
Jacques DutroncPatricia KaasFCoup de {foudre}
73%
Eddy MitchellJosiane BalaskoDDa {dou} ron ron
73%
Johnny HallydayEmmanuelle BéartFM{Fais-moi} une place
73%
Jean-Louis AubertRomane BohringerDTu {dois} tenir ma main
73%
Jean-Jacques GoldmanMichel SardouCUne fille aux yeux {clairs}
73%
Jean-Jacques GoldmanLaâmVMon {vieux}
64%
Patrick BruelJean RenoCVieille {canaille}
64%
Jean-Jacques GoldmanPatricia KaasPJe te {promets}
59%
Jean-Jacques GoldmanMichel SardouFTon {fils}
59%
Jean-Jacques GoldmanOphélie WinterFCoup de {folie}
55%
Patricia KaasRoch VoisineMEt {maintenant}
55%
Eddy MitchellVéronique SansonELe cimetière des {éléphants}
55%
Johnny HallydayVéronique SansonMLa {musique} que j'aime
50%
Jean-Jacques GoldmanVéronique SansonAOn m'{attend} là-bas
50%
Pascal ObispoPatrick FioriSQui {saura}
50%
Maxime Le ForestierVanessa ParadisCLa {complainte} du phoque en Alaska
45%
Charlotte GainsbourgJane BirkinDDi {doo} dah
36%
DaveYves LecoqGMa {gueule}
36%
Francis CabrelRenaudPMa {préférence}
36%
MC SolaarKad MeradGI'm just a {gigolo}
32%
Natasha St-PierPatrick BruelROn se {retrouvera}
32%
Francis CabrelVanessa ParadisT{Tandem}
32%
Jean-Baptiste MaunierMimie MathyE{Evidemment}
27%
Michael JonesRenaud HantsonZLa chanson de {Ziggy}
27%
Carole FredericksJean-Jacques GoldmanPLe {pénitencier}
27%
Patrick BruelSerge ReggianiIL'{Italien}
27%
Hélène SégaraPascal ObispoEC'est {écrit}
23%
MauranePatrick BruelD{Derrière} l'amour
23%
Pascal ObispoZazieD{Désenchantée}
23%
Jane BirkinVanessa ParadisJJLa ballade de {Johnny Jane}
23%
Gilbert BécaudSmaïnRAlors {raconte}
18%
Johnny HallydayEric CantonaPExcuse-moi {partenaire}
18%
Liane FolyMimie MathyJLa chanson des {jumelles}
18%
Alain SouchonVanessa ParadisELes filles {électriques}
18%
Dany BrillantLiane FolyPLes marchés de {Provence}
18%
Muriel RobinPatrick TimsitELes {Elucubrations}
14%
Jean-Jacques GoldmanPatricia KaasRRegarde les {riches}
14%
Michael JonesPow-wowC{Cécilia}
9%
Tina ArenaKaren MulderBLe {Brio}
9%
Jean-Jacques GoldmanPatrick BruelM{Monopolis}
9%
Patricia KaasPatrick BruelFLe {France}
5%
Laurent VoulzyVanessa ParadisR{Rame}
5%

Distribution des résultats

Percentile par nombre de réponses

% des personnes avec chaque résultat

Votre développement - résultats

Vous n’avez pas pris ce quiz